Himno del Rayo Vallecano - Estadísticas

Estadísticas generales
  • Esta prueba ha sido intentada 20 veces
  • La puntuación promedio es 72 de 120
Estadísticas de respuestas
% Correcto
a
100%
Ra
92%
ra
92%
ra!
92%
Rayo
92%
Vallecano
92%
Vallecano,
92%
Vallecano!
92%
y
92%
El
83%
el
83%
no
83%
al
75%
la
75%
de
67%
juega
67%
los
67%
que
67%
te
67%
coraje
58%
corazón
58%
En
58%
es
58%
le
58%
nobleza
58%
Alabá!
50%
Alabí!
50%
fuerza
50%
juventud
50%
siempre
50%
valentía,
50%
cuando
42%
del
42%
golear
42%
mejor
42%
sale
42%
ser
42%
todos
42%
tus
42%
arrebatar,
33%
campeón
33%
colores
33%
da
33%
derrocha
33%
donde,
33%
hace
33%
hinchada,
33%
importa
33%
jugar
33%
mano
33%
nadie
33%
partidos
33%
Por
33%
puede
33%
sigue
33%
su
33%
temple
33%
tiene
33%
triunfo
33%
ver
33%
virtud
33%
alegre
25%
ambicionando
25%
limpio
25%
pregona
25%
unánime
25%
voz
25%
pecho,
17%
No se encontraron pruebas coincidentes
Distribución de puntuación
Porcentaje de gente con cada puntuación
Porcentaje por número respondido
Historial de tus puntuaciones
No has intentado esta prueba.